Estadísticas para Quiz del futbol de Europa

Haz click aquí para intentar la prueba.

Estadísticas generales

  • Esta prueba ha sido intentada 2.553 veces
  • La puntuación promedio es 10 de 12

Estadísticas de respuestas

PreguntaRespuesta% Correcto
De que país es el equipo VillarrealEspaña
100%
El equipo mas ganador de UEFA Champions LeagueReal Madrid
98%
Que equipo de estos es de FranciaMontpellier
96%
Uno de estos equipos no es de InglaterraDundalk
95%
De que país es el equipo BenficaPortugal
95%
De que país es el equipo Mainz 05Alemania
94%
De que país es el equipo GalatasarayTurquía
93%
De que país es el equipo PSV EinhovenPaíses Bajos
92%
Que equipo de estos gano la UEFA Champions LeagueInter Milan
89%
Que equipo de estos no gano la UEFA Champions LeagueManchester City
87%
El equipo mas ganador de la UEFA Europa LeagueSevilla
84%
Cuantos equipos hay en la fase de grupos de UEFA Europa League48
18%

Distribución de puntuación

Porcentaje por número respondido

Porcentaje de gente con cada puntuación

Historial de tus puntuaciones

No has intentado esta prueba.